Избранные произведения: В 2 т.; Т. 1. Повести, рассказы, очерки

Detalles Bibliográficos
Autor Principal: Жуков Д. А. Дмитрий Анатольевич
Idioma:ruso
Publicado: Москва, Современник, 1987
Subjects:
Formato: Libro
KOHA link:https://koha.lib.tpu.ru/cgi-bin/koha/opac-detail.pl?biblionumber=138663

MARC

LEADER 00000nam0a2200000 4500
001 138663
005 20231031141520.0
020 |a RU  |b 87-64594 
035 |a (RuTPU)RU\TPU\book\150241 
090 |a 138663 
100 |a 20080529g1987 m y0rusy5003 ca 
101 0 |a rus 
102 |a RU 
105 |a c z 000ay 
200 1 |a Избранные произведения  |e В 2 т.  |h Т. 1. Повести, рассказы, очерки  |f Д. А. Жуков 
210 |a Москва  |c Современник  |d 1987 
215 |d 21 см  |a 479 с.  |c портр. 
610 1 |a советская литература 
610 1 |a повести 
610 1 |a рассказы 
610 1 |a очерки 
675 |a Р2  |z rus 
700 1 |a Жуков  |b Д. А.  |g Дмитрий Анатольевич  |4 070 
801 0 |a RU  |b RuMRKP  |c 19950417  |g psbo 
801 1 |a RU  |b 63413507  |c 20080529  |g PSBO 
801 2 |a RU  |b 63413507  |c 20080529  |g PSBO 
942 |c BK